| 000 | 00904nac a22002531u 4500 | ||
|---|---|---|---|
| 003 | EG-ScBUE | ||
| 005 | 20221110040653.0 | ||
| 008 | 221110s2000 it a f b 000 0 eng d | ||
| 020 | _a8881186543 | ||
| 040 |
_aEG-ScBUE _beng _erda _cEG-ScBUE _dEG-ScBUE |
||
| 043 | _ae-it--- | ||
| 082 | 0 | 4 |
_a720.9450904 _bNEW _222 |
| 245 | 0 | 0 |
_aNew Italian architecture : _bItalian landscapes between architecture and photography / _cedited by Pippo Ciorra and Marco D'Annuntiis. |
| 264 | 1 |
_aMilan, Italy : _bSkira Editore, _c2000. |
|
| 300 |
_a183 pages : _billustrations (chiefly color) ; _c21 cm. |
||
| 490 | 0 | _aSkira architecture library | |
| 504 | _aIncludes bibliographical references. | ||
| 650 | 7 |
_aArchitecture, Modern _zItaly _y20th century. _2BUEsh _x |
|
| 653 | _bENGARC | ||
| 655 |
_vReading book _934232 |
||
| 700 | 1 |
_aCiorra, Pippo, _eeditor. |
|
| 700 | 1 |
_aD'Annuntiis, Marco, _eeditor. |
|
| 942 |
_cBB _2ddc |
||
| 999 |
_c3226 _d3226 |
||